[Event "Maikop Adygea op"]
[Site "Maikop"]
[Date "2023.02.04"]
[Round "9"]
[White "Abiyan, Valery"]
[Black "Arefyev, Vadim"]
[Result "0-1"]
[WhiteElo "1566"]
[BlackElo "2030"]
[PlyCount "87"]
[EventDate "2023.01.28"]
[EventType "swiss"]
[EventRounds "9"]
[EventCountry "RUS"]
[SourceTitle "CBM 213 Extra"]
[Source "ChessBase"]
[SourceDate "2023.05.31"]
[SourceVersion "1"]
[SourceVersionDate "2023.05.31"]
[SourceQuality "1"]

1. d4 Nf6 2. c4 e6 3. Nc3 Bb4 4. Bg5 c5 5. d5 d6 6. e4 Bxc3+ 7. bxc3 e5 8. Qb3 Nbd7 9. Nf3 h6 10. Bh4 g5 11. Bg3 Nxe4 12. Bd3 Nef6 13. 0-0 Kf8 14. Nd2 Kg7 15. Ne4 Nxe4 16. Bxe4 Nf8 17. h3 f5 18. Bc2 Qe7 19. Qb1 Qf7 20. f3 Ng6 21. Re1 Rb8 22. Re2 Rf8 23. Qe1 f4 24. Bf2 Bf5 25. Be4 Ne7 26. Qb1 Bxe4 27. Rxe4 Ng8 28. Qc2 Nf6 29. Re2 Qg6 30. Qxg6+ Kxg6 31. Rb1 Kf5 32. Rbe1 Rfe8 33. a4 e4 34. g4+ fxg3 35. Bxg3 exf3 36. Rxe8 Rxe8 37. Rxe8 Nxe8 38. Kf2 Ke4 39. Bh2 h5 40. Kg3 Ke3 41. Bg1+ Ke2 42. a5 Nf6 43. Bxc5 h4+ 44. Kh2 0-1

[Event "Maikop Adygea op"]
[Site "Maikop"]
[Date "2023.01.29"]
[Round "2"]
[White "Abiyan, Valery"]
[Black "Shavrin, Boris"]
[Result "0-1"]
[WhiteElo "1566"]
[BlackElo "1688"]
[PlyCount "124"]
[EventDate "2023.01.28"]
[EventType "swiss"]
[EventRounds "9"]
[EventCountry "RUS"]
[SourceTitle "CBM 213 Extra"]
[Source "ChessBase"]
[SourceDate "2023.05.31"]
[SourceVersion "1"]
[SourceVersionDate "2023.05.31"]
[SourceQuality "1"]

1. d4 d5 2. c4 e6 3. Nc3 c6 4. cxd5 exd5 5. Nf3 Bf5 6. Qb3 Qb6 7. Qxb6 axb6 8. Nh4 Be6 9. a3 b5 10. Bf4 Be7 11. Nf3 Nd7 12. Ne5 b4 13. Nb1 Ngf6 14. Nxd7 Kxd7 15. e3 Ra7 16. a4 b5 17. b3 Rha8 18. Bd3 bxa4 19. bxa4 Rxa4 20. Rxa4 Rxa4 21. 0-0 Ra1 22. Nd2 Rxf1+ 23. Kxf1 Nh5 24. Be5 f6 25. Bb8 g6 26. f3 Ng7 27. g4 Bd6 28. Bxd6 Kxd6 29. Nb3 Ne8 30. h4 Bg8 31. Ke2 Nc7 32. e4 Ne6 33. exd5 Nf4+ 34. Ke3 Nxd5+ 35. Kd2 Nf4 36. Bc2 Bd5 37. h5 gxh5 38. gxh5 Nxh5 39. Ke3 h6 40. Nc5 Ng7 41. Ne4+ Bxe4 42. Kxe4 h5 43. Kf4 Kd5 44. Be4+ Kxd4 45. Bxc6 b3 46. Be4 b2 47. Bb1 Kc3 48. Ke3 h4 49. Kf4 Kd2 50. Kg4 Ke3 51. Bc2 h3 52. Kg3 h2 53. Kxh2 Kxf3 54. Kg1 f5 55. Kf1 Ke3 56. Ke1 f4 57. Bb1 f3 58. Kf1 Ne6 59. Ke1 Nf4 60. Bc2 f2+ 61. Kf1 Nd5 62. Bb1 Nc3 0-1

[Event "Maikop Adygea Cup 74th"]
[Site "Maikop"]
[Date "2022.01.29"]
[Round "8"]
[White "Arefyev, Vadim"]
[Black "Abiyan, Valery"]
[Result "1-0"]
[WhiteElo "1996"]
[BlackElo "1605"]
[PlyCount "59"]
[EventDate "2022.01.22"]
[EventType "swiss"]
[EventRounds "9"]
[EventCountry "RUS"]
[SourceTitle "EXT 2023"]
[Source "ChessBase"]
[SourceDate "2022.10.05"]
[SourceVersion "1"]
[SourceVersionDate "2022.10.05"]
[SourceQuality "1"]

1. d4 e6 2. c4 d5 3. Nc3 Bb4 4. Nf3 c5 5. e3 Nf6 6. a3 Bxc3+ 7. bxc3 Nc6 8. Bd3 h6 9. 0-0 b6 10. cxd5 exd5 11. Bb5 Bd7 12. a4 a6 13. Bd3 c4 14. Bc2 0-0 15. h3 Qc8 16. Nd2 Re8 17. Qf3 Ne7 18. e4 dxe4 19. Nxe4 Nxe4 20. Bxe4 Bc6 21. d5 Bb7 22. g4 Qd7 23. Rd1 Ng6 24. Bf5 Qd6 25. Ba3 Qf4 26. Qxf4 Nxf4 27. d6 Ne2+ 28. Kf1 Nxc3 29. d7 Nxd1 30. dxe8R+ 1-0

[Event "Maikop Adygea Cup 74th"]
[Site "Maikop"]
[Date "2022.01.27"]
[Round "6"]
[White "Meshalkin, Yuri Y"]
[Black "Abiyan, Valery"]
[Result "1-0"]
[WhiteElo "2063"]
[BlackElo "1605"]
[PlyCount "98"]
[EventDate "2022.01.22"]
[EventType "swiss"]
[EventRounds "9"]
[EventCountry "RUS"]
[SourceTitle "EXT 2023"]
[Source "ChessBase"]
[SourceDate "2022.10.05"]
[SourceVersion "1"]
[SourceVersionDate "2022.10.05"]
[SourceQuality "1"]

1. d4 e6 2. c4 d5 3. Nc3 Bb4 4. Nf3 c5 5. e3 Nc6 6. a3 cxd4 7. exd4 Bxc3+ 8. bxc3 h6 9. Bd3 Nf6 10. 0-0 0-0 11. Re1 b6 12. Bf4 Ba6 13. cxd5 Nxd5 14. Bxa6 Nxf4 15. Bb7 Qc7 16. Bxa8 Rxa8 17. Rc1 Rc8 18. Qd2 Ng6 19. c4 Qd6 20. c5 Qf8 21. cxb6 axb6 22. d5 exd5 23. Qxd5 Nce7 24. Qb3 Rb8 25. Ne5 Nxe5 26. Rxe5 Ng6 27. Re3 Qd6 28. Rce1 Qc6 29. Rc3 Qb7 30. Qb5 Qa8 31. Qc6 Qxc6 32. Rxc6 Ra8 33. Re3 Ra6 34. g3 Kh7 35. Rb3 Ne5 36. Rcxb6 Ra4 37. R6b4 Ra6 38. a4 Rd6 39. Kg2 Rd2 40. a5 Ra2 41. Rb5 Ng4 42. h3 Nf6 43. Kf3 Nd7 44. Ke3 f6 45. f4 Rg2 46. Ke4 Rh2 47. Ra3 Rc2 48. a6 Rc8 49. a7 Ra8 1-0

[Event "Adygea blitz op"]
[Site "Maikop"]
[Date "2019.05.04"]
[Round "1"]
[White "Abiyan, Valery"]
[Black "Pankratov, Oleg"]
[Result "0-1"]
[WhiteElo "1578"]
[BlackElo "2104"]
[PlyCount "66"]
[EventDate "2019.05.04"]
[EventType "swiss (blitz)"]
[EventRounds "11"]
[EventCountry "RUS"]
[SourceTitle "CBM 190 Extra"]
[Source "ChessBase"]
[SourceDate "2019.07.15"]
[SourceVersion "1"]
[SourceVersionDate "2019.07.15"]
[SourceQuality "1"]

1. d4 Nf6 2. c4 c6 3. Nc3 d6 4. e4 Nbd7 5. Bd3 e5 6. d5 Be7 7. Nf3 0-0 8. 0-0 a6 9. a3 cxd5 10. cxd5 Nc5 11. Bc2 a5 12. Be3 Nfd7 13. b4 axb4 14. axb4 Rxa1 15. Qxa1 Na6 16. Qa5 Qxa5 17. bxa5 Bd8 18. Ra1 Ndc5 19. Nb5 Be7 20. Bxc5 Nxc5 21. Na7 Bd7 22. a6 Nxa6 23. Ba4 Bg4 24. Nb5 Rc8 25. h3 Bh5 26. g4 Bg6 27. Nd2 h5 28. Rb1 Nc5 29. Bc2 Ra8 30. Nc7 Ra2 31. Rc1 Bg5 32. Nb3 Bxc1 33. Nxc5 Rxc2 0-1

[Event "Adygea rapid op"]
[Site "Maikop"]
[Date "2019.05.02"]
[Round "3"]
[White "Gadaborshev, Timur"]
[Black "Abiyan, Valery"]
[Result "1-0"]
[WhiteElo "2026"]
[BlackElo "1578"]
[PlyCount "69"]
[EventDate "2019.05.02"]
[EventType "swiss (rapid)"]
[EventRounds "9"]
[EventCountry "RUS"]
[SourceTitle "CBM 190 Extra"]
[Source "ChessBase"]
[SourceDate "2019.07.15"]
[SourceVersion "1"]
[SourceVersionDate "2019.07.15"]
[SourceQuality "1"]

1. d4 e6 2. Nc3 d5 3. e4 Bb4 4. e5 c5 5. a3 Bxc3+ 6. bxc3 Nc6 7. Qg4 g6 8. Nf3 cxd4 9. cxd4 f5 10. Qf4 Bd7 11. Bd2 Nge7 12. Qh6 Qb6 13. c3 Qb2 14. Rc1 Na5 15. Bd3 Nb3 16. Rb1 Qxa3 17. Bg5 Nxd4 18. Nxd4 Qxc3+ 19. Ke2 Qxd4 20. Qg7 0-0-0 21. Bxe7 Qg4+ 22. Kf1 Qd4 23. Be2 Rhg8 24. Qxh7 Qxe5 25. Bxd8 Rxd8 26. Qxg6 Qe4 27. Rc1+ Kb8 28. h4 d4 29. Rh3 Bc6 30. Bd3 Qf4 31. Rb1 Qd2 32. Qxe6 Ka8 33. Qxf5 Rg8 34. Rg3 Rxg3 35. Qc8# 1-0